000 00518nam a2200181Ia 4500
003 OSt
005 20260106151024.0
008 210210b1949 xxu||||| |||| 00| 0 eng d
040 _cAL
041 _aKannada
082 _a859/1429
100 _aRAVINDRANATHA THAKURA
_9138840
_dರವೀಂದ್ರನಾಥ ಠಾಕೂರ.
245 _aMulugida doni
_bಮುಳುಗಿದ ದೋಣಿ
260 _aBengaluru
_bN S Vasan & Co
_c1949
690 _aKannada Fiction
_9138843
906 _a022162
942 _2ddc
_cBK
999 _c146268
_d146268